| 000 | 00842cam a22002651 4500 | ||
|---|---|---|---|
| 001 | 7365 | ||
| 003 | BD-RjUL | ||
| 005 | 20211208234414.0 | ||
| 008 | 140113s1964 cau b 000 0 eng d | ||
| 035 | _a(BD-RjUL)7408) | ||
| 035 | _a(OCoLC)502171 | ||
| 040 |
_aDLC _cODaWU _dOCoLC _dUk _dDLC _d(BD-RjUL) _beng |
||
| 041 | _aeng | ||
| 082 | 0 | 0 |
_a354.669 _bAWF |
| 100 | 1 |
_aAwa, Eme O. _923012 |
|
| 245 | 1 | 0 |
_aFederal government in Nigeria / _c[by] Eme O. Awa. |
| 260 |
_aBerkeley, _bUniversity of California Press, _c1964. |
||
| 300 |
_ax, 349 p. ; _c25 cm. |
||
| 500 | _a"Developed out of the [doctoral] dissertation. Regionalism in Nigeria: a study in federalism." | ||
| 504 | _aBibliography: p. [329]-335. | ||
| 651 | 0 |
_aNigeria _xPolitics and government. _923013 |
|
| 942 |
_2ddc _cBK |
||
| 999 |
_c7365 _d7365 |
||